Die gotische und neuzeitliche Ausstattung der Pfarrkirche St

Titel: Die gotische und neuzeitliche Ausstattung der Pfarrkirche St : Jakobi in Lauenburg in Pommern im Lichte archivalischer Quellen
Verfasser:
In: Pfarrkirchen in den Städten des Hanseraums, (2006), Seite 239-252, 9 Abb.
alle Artikel anzeigen
Veröffentlicht: 2006
Format: Aufsatz
Sprache: Deutsch
Kein Bild verfügbar
X
alg: 39218592
001A    $01999:11-11-16 
001B    $01999:12-03-21 $t19:06:16.000 
001D    $01999:11-11-16 
001U    $0utf8 
001X    $00 
002@    $0Aox 
003@    $039218592X 
007A    $039218592X $aHEB 
007T    $0Herdc0027810m 
010@    $ager 
011@    $a2006 
021A    $aDie @gotische und neuzeitliche Ausstattung der Pfarrkirche St $dJakobi in Lauenburg in Pommern im Lichte archivalischer Quellen 
028A    $aKowalski $dKrzysztof Maciej 
031A    $h239-252, 9 Abb. $j2006 
037A    $aeng. Res. 252; dt. Res. 252 
039B    $aIn $8--Aau--. Pfarrkirchen in den Städten des Hanseraums. - Rahden/Westf. : Leidorf, 2006. - 339 S.. - Ill., graph. Darst., Kt.. - ISBN 978-3-89646-461-3 $x200600000000000761 $9183481925 
045F    $a900.9438160903 $eDDC23BSB 
045F/01 $a900 
045F/03 $f0903 
045F/03 $g43816 

lok: 39218592 78

exp: 39218592 78 1 #EPN
201B/01 $026-02-19 $t22:42:21.000 
201U/01 $0utf8 
203@/01 $0788282115 
208@/01 $a11-11-16 $be 
209A/01 $a/ $f000 $x00 
220C/01 $aTitelaufnehmer: nk;kh 
220C/01 $aHerkunft: HI Marburg 
244Z/01 $2Trx $#Pomeranija $#Pommern $#Pomoransko $#Pomořansko $#Hinterpommern;Vorpommern;Mittelpommern $#Pomorze Środkowe;Pomorze Przednie $#Pomořansko;Západní Pomořany; Pomořany $8--Trx--Pomorze Zachodnie $x01 $9391303775 
244Z/01 $#Lauenburg Pommern $#Lãbórg $#Lãbórch $75057060-2 $8--Tg1--Lębork $x02 $9044716923 
244Z/01 $aGeschichte 1663-1900 $x03 
244Z/01 $2Trx $#varaloend $#inventoriai $#inventories $#készletállomány jegyzék $#inwentarze $#zoznamy $#seznamy $#Inventare $#Findbücher $#księgi metrykalne $#inventáře $8--Trx--Bestandsverzeichnisse $x04 $9391370251 
244Z/01 $2Trx $#kunst, sakraalne $#sakralinis menas $#Art, sacred $#müvészet, szakrális $#sztuka sakralna $#umenie sakrálne $#umění sakrální $8--Trx--Kunst, sakrale $x05 $9391354639 
244Z/01 $2Trx $#kirikud hooned $#bažnyčių pastatai $#churches buildings $#templomok épületek $#kościoły budynki $#kostoly budovy $#kostely budovy $8--Trx--Kirchen$gGebäude $x06 $9391363778 
244Z/01 $2Trx $#allikmaterial $#šaltiniai $#Source material, historical $#források $#źródła $#pramene $#prameny $8--Trx--Quellen $x07 $9391358375 
244Z/01 $2Trx $8--Trx--Einzelbeiträge $x08 $9391384570 
245Z/01 $a13.02 $x01 
245Z/01 $a03.03.01 $x02 
247C/01 $82080>Marburg/Lahn, Herder-Institut, Forschungsbibliothek, Bibliographieportal $9336309341
LEADER 00000caa a22000002c 4500
001 39218592X
003 DE-603
005 20210312190616.0
007 tu
008 161111s2006 xx |||| | u00||u|ger c
035 |a (DE-599)HEB39218592X 
040 |a DE-603  |b ger  |c DE-603  |d DE-603 
041 |a ger 
082 0 4 |8 1\u  |a 900.9438160903  |q DE-101  |2 23/BSB 
085 |8 1\u  |b 900 
085 |8 1\u  |z 1  |s 0903 
085 |8 1\u  |z 2  |s 43816 
100 1 |a Kowalski, Krzysztof Maciej 
245 0 0 |a ˜Dieœ gotische und neuzeitliche Ausstattung der Pfarrkirche St  |b Jakobi in Lauenburg in Pommern im Lichte archivalischer Quellen 
264 0 |c 2006 
500 |a eng. Res. 252; dt. Res. 252 
773 0 8 |i In  |t Pfarrkirchen in den Städten des Hanseraums  |d Rahden/Westf. : Leidorf, 2006  |h 339 S., Ill., graph. Darst., Kt.  |z 9783896464613  |z 3896464612  |g (2006), Seite 239-252, 9 Abb.  |w (DE-603)183481925 
924 0 |9 2080  |a (DE-603)788282115  |b DE-2080  |c HES  |d d  |g /